| 000 | 00340nam a22001337a 4500 | ||
|---|---|---|---|
| 082 |
_a940.40994 _bLUC |
||
| 100 |
_aLucas, Sir Charles _950231 |
||
| 245 | _aThe empire at war | ||
| 260 |
_aLondon _bHumphrey Milford _c1924 |
||
| 300 |
_ax, 430 p; _bill |
||
| 526 |
_a0 _b0 _c0 _d940_409940000000000_LUC |
||
| 650 |
_aMCE _9379 |
||
| 942 |
_2ddc _cBK |
||
| 999 |
_c552957 _d552957 |
||